La alternativa cristiana : hacia una Iglesia del pueblo /

Frente a un sistema social y económico que impulsa la enajenación, la acumulación y la injusticia, el autor menciona que la Iglesia debe ofrecer un modelo cristiano alternativo basado en la convivencia, en la fe y en el ser (y no sólo en el tener).

שמור ב:
מידע ביבליוגרפי
מחבר ראשי: Castillo, José María (autor)
פורמט: ספר
שפה:ספרדית
יצא לאור: Salamanca, España : Sígueme, 1983, c1978
מהדורה:7a edición
סדרה:(Verdad e Imagen ; 52)
נושאים:
תגים: הוספת תג
אין תגיות, היה/י הראשונ/ה לתייג את הרשומה!

MARC

LEADER 00000nam^a2200000^a^4500
001 000381924
005 20250521000000.0
009 20260310120719.096
020 |a 84-301-0730-4 
037 |a Acervo Xavier Clavigero 
041 |a ESP 
082 |a 261. 8  |b CAS 
100 |a Castillo, José María  |e (autor) 
245 1 3 |a La alternativa cristiana :  |b hacia una Iglesia del pueblo /  |c J.M. Castillo. 
250 |a 7a edición 
264 4 |a Salamanca, España :  |b Sígueme,  |c 1983, c1978 
300 |a 369 p. 
336 |a texto  |b txt  |2 rdacontenido 
337 |a sin mediación  |b n  |2 rdamedio 
338 |a volumen  |b nc  |2 rdasoporte 
440 1 |a (Verdad e Imagen ;  |v 52) 
520 |a Frente a un sistema social y económico que impulsa la enajenación, la acumulación y la injusticia, el autor menciona que la Iglesia debe ofrecer un modelo cristiano alternativo basado en la convivencia, en la fe y en el ser (y no sólo en el tener). 
561 |a Ex libris de Instituto de Literatura Puente Grande, Jal. 
561 |a Ex libris de Bibl. Iunioratus Dom. Prob. S. Ioseph 
649 |a XX 
650 |a Iglesia Católica 
650 |a Iglesia y Problemas Sociales -  |x Tema Principal 
650 |a Eucaristía 
650 |a Bautismo 
650 |a Sacramentos 
650 |a Fe 
650 |a Oración (Religión) 
650 |a Espiritualidad 
650 |a Verdad 
650 |a Justicia e Injusticia 
650 |a Tolerancia e Intolerancia 
650 |a Teología Social 
650 |a Catolicismo 
650 |a Cristianismo y Economía 
650 |a Cristianismo y Sociedad -  |x Tema Principal 
650 |a Cristianismo 
650 |a Religión 
910 |a Fondo General 
920 |a Impresos - Libros 
930 |a Colección General 
905 |a 101 
901 |a 018550  |b IT1  |c ACC  |u 20250521 
901 |a 034985  |b IT1  |c ACC  |u 20250521 
902 |a https://opac.biblio.iteso.mx/vufind/Record/000381924